00530nam a2200133Ia 4500008004100000100001900041245007800060260017300138650001000311650002300321650001700344700001500361856002000376220216s9999 xx 000 0 und d aVeeraputhran S 0aNatural rubber trade in India : Emerging trends in the post-reforms phase bProceedings of the International Seminar on Agro-Industrial Global Commodity Chains : Implecations for business strategies and policies in Kerala 18-19 September, 2003. aIndia aRubber cultivation aRubber trade aGeorge K T uRprint Abst onl